| 000 | 00738nam a2200217Ia 4500 | ||
|---|---|---|---|
| 003 | GCL | ||
| 008 | 140319s9999 xx 000 0 ara d | ||
| 040 |
_aGCL / _cGCL |
||
| 082 | 0 | 4 |
_a346.04 _bن ق |
| 100 | 1 | _aنبيل ابراهيم سعد | |
| 245 | 1 | 0 |
_aالقانون الزراعى : الملكية الزراعية / _cنبيل ابراهيم سعد |
| 260 |
_a[S.N] : _bمنشاة المعارف الاسلامية ، _c1986 |
||
| 300 | _a331 ص | ||
| 490 |
_aالكتب القانونية _v0 |
||
| 650 | 0 | 4 | _aالقانون |
| 650 | 0 | 4 | _aالقانون المدنى |
| 650 | 0 | 4 | _aالملكية الزراعية |
| 650 | 0 | 4 | _aالقانون الزراعى |
| 650 | 0 | 4 | _aالاراضى الزراعية |
| 942 |
_2ddc _cBK |
||
| 999 |
_c40992 _d40992 |
||